000 00496cam a22002054a 4500
005 20250605164316.0
008 250528s ||||||||||||||||||||||||d
035 _a22689
020 _a9780335200344
040 _aGR-AtMCL
_bgre
_dGR-AtMCL
_eAACR2
245 1 _aDYSLEXIA A HUNDRED YEARS ON
250 _a2
260 _bOpen University Press,
_c1999
300 _a198
700 1 _aMiles Elaine
_93033
700 1 _aMiles T.R
_93031
942 _cBK
999 _c7737
_d7737